Multiple Choice City Quiz – Reno - Statistics

General Stats
  • This quiz has been taken 47 times
  • The average score is 7 of 10
Answer Stats
Question Answer % Correct
Reno is the gateway to which famous festival held annually in the Northern Nevada desert? Burning Man
93%
Reno lies 22 miles north of which massive alpine lake? Lake Tahoe
86%
Reno is affectionately known by local residents as the biggest what in the world? Little City
86%
Reno is roughly ten miles from which bordering state? California
79%
Which of these Nevada cities is NOT larger than Reno? Carson City
79%
What are people from Reno called? Renoites
71%
Which river runs through Reno? Truckee
57%
Reno is situated further west than which of these California cities? Los Angeles
50%
Every September, what kind of festival does Reno host, one of the largest of its kind in the country? Hot Air Balloon Race
29%
Who is Reno named after? A Civil War General
21%
No matching quizzes found
Score Distribution
Percent of People with Each Score
Percentile by Number Answered
Your Score History
You have not taken this quiz